000 00649nam a2200217Ia 4500
005 20250508170030.0
008 008 250505s9999 xx 000 0 eng d
020 _a978-93-85943-2
037 _aTextual
040 _aFEDL
_beng
_cFEDL
041 _aeng
_2eng
084 _a420.7, CEN
_qFEDL
245 0 _aFormative assessment: English course: Communicative language and literature, Class- 10
245 0 _cCBSE (New Delhi Inda)
260 _aNew Delhi, India
_bCBSE
_c2010
300 _axl, 335p.
365 _aINR
_b185
546 _aGifted by Prof. Anita Rampal
942 _cTEXL
_h420.7, CEN
999 _c1398811
_d1398811